| 000 | 00682nam a22001817a 4500 | ||
|---|---|---|---|
| 005 | 20130802152847.0 | ||
| 010 | _aB-522424-436 | ||
| 020 |
_a9789380231846 _c240.00 |
||
| 037 |
_adpl _bUBH/vendor |
||
| 082 | _a342.540662 | ||
| 100 | _aMalik, Krishna Pal | ||
| 245 |
_aRight to Information: _cby Krishna Pal _bthe right to information act, 2005 with rules and guidelines/ |
||
| 260 |
_aFaridabad _bAllahabad law agency _c2013 |
||
| 270 |
_a1559, Outram Lines, Near Kingsway Camp _bDelhi _e110007 |
||
| 300 |
_a288p. _c24cm(pbk |
||
| 942 |
_2ddc _cEN _h342.540662 _mMAL |
||
| 999 |
_c77591 _d77591 |
||